Effective Teamwork : (Record no. 20004)

MARC details
000 -LEADER
fixed length control field 00607nam a22001697a 4500
003 - CONTROL NUMBER IDENTIFIER
control field OSt
008 - FIXED-LENGTH DATA ELEMENTS--GENERAL INFORMATION
fixed length control field 240111b1994 |||||||| |||| 00| 0 eng d
082 ## - DEWEY DECIMAL CLASSIFICATION NUMBER
Classification number 658.402
Item number WES-E
100 ## - MAIN ENTRY--PERSONAL NAME
Personal name West, Michael A.
245 ## - TITLE STATEMENT
Title Effective Teamwork :
Remainder of title professor of work and organizational psychology institute of work psychology university of sheffield /
Statement of responsibility, etc Michael A. West.
260 ## - PUBLICATION, DISTRIBUTION, ETC. (IMPRINT)
Place of publication, distribution, etc New Delhi :
Name of publisher, distributor, etc British Psychological society ,
Date of publication, distribution, etc 1994.
300 ## - PHYSICAL DESCRIPTION
Extent / Pages xvi, 127 p. ;
650 ## - SUBJECT ADDED ENTRY--TOPICAL TERM
Topical term or geographic name as entry element Teams in the workplace
650 ## - SUBJECT ADDED ENTRY--TOPICAL TERM
Topical term or geographic name as entry element Teams in the workplace-Psychological aspects
650 ## - SUBJECT ADDED ENTRY--TOPICAL TERM
Topical term or geographic name as entry element Group decision making
942 ## - ADDED ENTRY ELEMENTS (KOHA)
Source of classification or shelving scheme
Koha item type Books
Holdings
Withdrawn status Lost status Source of classification or shelving scheme Damaged status Not for loan Home library Current library Date acquired Total Checkouts Full call number Barcode Date last seen Copy number Bill Date Koha item type
          SOBD Library SOBD Library 11/01/2024   658.402 WES-E1 SD1659 11/01/2024 1 11/01/2024 Books
Hosted, Implemented, Customized & Maintained by: BestBookBuddies

Powered by Koha